| 000 | 00530nam a2200181Ia 4500 | ||
|---|---|---|---|
| 005 | 20250508162203.0 | ||
| 008 | 008 250505s9999 xx 000 0 eng d | ||
| 037 | _aTextual | ||
| 040 |
_aFEDL _beng _cFEDL |
||
| 041 |
_aeng _2eng |
||
| 084 |
_a372.6, WIL _qFEDL |
||
| 100 |
_aWikinson Andrew _9772533 |
||
| 245 | 0 | _aFoundations of language: Talking and reading in young children | |
| 260 |
_aOxford _bOxford University Press _c1971 |
||
| 300 | _a223p. | ||
| 942 |
_cTEXL _h372.6, WIL |
||
| 999 |
_c1374906 _d1374906 |
||